00388nam a2200121Ia 4500008004100000245012700041260001700168260000900185300000800194650002300202650001200225856002900237170516s9999 xx 000 0 und d aCyclodextrin and Polyethylenimine Functionalized Mesoporous Silica Nanoparticles for Delivery of siRNA Cancer Therapeutics bTheranostics c2014 a4:5 xMedical Technology xMedtech uhttp://www.thno.org/v4i5